00354 a2200097 4500001001000000005001700010008004100027245010800068100002000176773006000196ART_5635620260410161947.0260409a 10aEl lenguaje claro para el acceso a la justicia y como garantía de los derechos de la seguridad social1 aBlanco, Mariela0 tTemas de derecho laboralg- N° 6 (jun. 2022)wREV27619